000
00329nam a2200157Ia 4500
100
_a
Venkata krishna P
650
_a
Grid computing
942
_c
BK
366
_f
25
245
_a
Principles of Grid computing
260
_b
Ane
_c
2010
082
_a
4.65
_b
VEN
300
_a
246
546
_a
ENGLISH
_c
Computers
999
_c
34183
_d
34183